Statistics for Oscar Best Pictures Quiz

Click here to take the quiz!

General Stats

  • This quiz has been taken 131,536 times
    (1,771 since last reset)
  • The average score is 43 of 93

Answer Stats

YearBest Picture% Correct
1998Titanic
79%
1973The Godfather
76%
2020Parasite
74%
1995Forrest Gump
72%
2021Nomadland
71%
2017Moonlight
71%
1940Gone with the Wind
70%
2004The Lord of the Rings:
The Return of the King
69%
1944Casablanca
64%
1975The Godfather Part II
63%
2018The Shape of Water
60%
1992The Silence of the Lambs
60%
1994Schindler's List
60%
2001Gladiator
59%
2019Green Book
58%
2012The Artist
57%
1960Ben-Hur
56%
1980Kramer vs. Kramer
55%
2011The King's Speech
55%
1977Rocky
54%
201412 Years a Slave
54%
2015Birdman
54%
2008No Country for Old Men
54%
2006Crash
54%
1966The Sound of Music
53%
1999Shakespeare in Love
53%
2010The Hurt Locker
53%
2007The Departed
53%
2013Argo
52%
1991Dances with Wolves
52%
2016Spotlight
52%
2000American Beauty
52%
1976One Flew Over the
Cuckoo's Nest
52%
2003Chicago
52%
1996Braveheart
51%
2005Million Dollar Baby
51%
2009Slumdog Millionaire
51%
1997The English Patient
50%
1989Rain Man
50%
2002A Beautiful Mind
49%
1983Gandhi
49%
1987Platoon
49%
1990Driving Miss Daisy
48%
1979The Deer Hunter
47%
1986Out of Africa
47%
1963Lawrence of Arabia
47%
1985Amadeus
46%
1962West Side Story
46%
1955On the Waterfront
45%
1971Patton
45%
1993Unforgiven
45%
1974The Sting
43%
1972The French Connection
43%
1958The Bridge on the River Kwai
43%
1965My Fair Lady
43%
1978Annie Hall
42%
1949Hamlet
41%
1929Wings
41%
1988The Last Emperor
41%
1984Terms of Endearment
41%
1982Chariots of Fire
41%
1981Ordinary People
39%
1970Midnight Cowboy
39%
1969Oliver!
39%
1931All Quiet on the Western Front
38%
1961The Apartment
38%
1951All About Eve
38%
1959Gigi
38%
1941Rebecca
37%
1954From Here to Eternity
36%
1935It Happened One Night
36%
1956Marty
36%
1942How Green Was My Valley
36%
1968In the Heat of the Night
36%
1957Around the World in
Eighty Days
35%
1943Mrs. Miniver
35%
1953The Greatest Show on Earth
34%
1952An American in Paris
34%
1950All the King's Men
33%
1967A Man for All Seasons
33%
1936Mutiny on the Bounty
32%
1932Cimarron
32%
1964Tom Jones
32%
1947The Best Years of Our Lives
32%
1937The Great Ziegfeld
31%
1933Grand Hotel
31%
1938The Life of Emile Zola
30%
1945Going My Way
30%
1934Cavalcade
30%
1930The Broadway Melody
30%
1946The Lost Weekend
30%
1948Gentleman's Agreement
29%
1939You Can't Take It with You
28%

Score Distribution

Percentile by Number Answered

Percent of People with Each Score

Your Score History

You have not taken this quiz since the last reset